MARC details
| 000 -CABECERA |
| campo de control de longitud fija |
00949cam a2200253 a 4500 |
| 001 - NÚMERO DE CONTROL |
| campo de control |
000001386 |
| 005 - FECHA Y HORA DE LA ÚLTIMA TRANSACCIÓN |
| campo de control |
20250610103125.0 |
| 008 - DATOS DE LONGITUD FIJA--INFORMACIÓN GENERAL |
| campo de control de longitud fija |
750515s1975 sp a b 000 0 spa |
| 010 ## - NÚMERO DE CONTROL DE LA BIBLIOTECA DEL CONGRESO |
| Número de control de LC |
75505928 |
| 020 ## - NÚMERO INTERNACIONAL ESTÁNDAR DEL LIBRO |
| Número Internacional Estándar del Libro |
8425409802 |
| 040 ## - FUENTE DE LA CATALOGACIÓN |
| Centro catalogador/agencia de origen |
DO-SdBNP |
| Lengua de catalogación |
spa |
| Centro/agencia transcriptor |
BNPHU |
| 082 ## - NÚMERO DE LA CLASIFICACIÓN DECIMAL DEWEY |
| Número de clasificación |
311.2 |
| Número de documento/Ítem |
D673m |
| 100 1# - ENTRADA PRINCIPAL--NOMBRE DE PERSONA |
| Nombre de persona |
Doménech Massons, José M. |
| 9 (RLIN) |
4640 |
| 245 10 - MENCIÓN DE TÍTULO |
| Título |
Métodos estadísticos para la investigación en ciencias humanas / |
| Mención de responsabilidad, etc. |
José M. Domenech Massons ; prólogo de J. Torrens-Ibern. |
| 260 ## - PUBLICACIÓN, DISTRIBUCIÓN, ETC. |
| Lugar de publicación, distribución, etc. |
Barcelona : |
| Nombre del editor, distribuidor, etc. |
Editorial Herder, |
| Fecha de publicación, distribución, etc. |
1975. |
| 300 ## - DESCRIPCIÓN FÍSICA |
| Extensión |
450 p. : |
| Otras características físicas |
il. ; |
| Dimensiones |
25 cm. |
| 490 1# - MENCIÓN DE SERIE |
| Mención de serie |
Temas fundamentales de psicologia |
| Designación de volumen o secuencia |
1 |
| Mención de serie |
Tratados y monografías |
| 504 ## - NOTA DE BIBLIOGRAFÍA, ETC. |
| Nota de bibliografía, etc. |
Bibliografía: p. 449-450. |
| 650 #0 - PUNTO DE ACCESO ADICIONAL DE MATERIA--TÉRMINO DE MATERIA |
| Término de materia o nombre geográfico como elemento de entrada |
Psicometría |
| 9 (RLIN) |
4641 |
| 650 #4 - PUNTO DE ACCESO ADICIONAL DE MATERIA--TÉRMINO DE MATERIA |
| Término de materia o nombre geográfico como elemento de entrada |
Estadística |
| Subdivisión general |
Métodos |
| 9 (RLIN) |
4642 |
| 650 #4 - PUNTO DE ACCESO ADICIONAL DE MATERIA--TÉRMINO DE MATERIA |
| Término de materia o nombre geográfico como elemento de entrada |
Ciencias sociales |
| Subdivisión general |
Estadísticas |
| 9 (RLIN) |
4643 |
| 700 1# - PUNTO DE ACCESO ADICIONAL--NOMBRE DE PERSONA |
| Nombre de persona |
Torrens-Ibern, J. |
| Término indicativo de función/relación |
prol. |
| 9 (RLIN) |
4644 |
| 830 #0 - PUNTO DE ACCESO ADICIONAL DE SERIE-TÍTULO UNIFORME |
| Título uniforme |
Temas fundamentales de psicologia |
| -- |
tratados y monografías |
| Número de parte o sección de la obra |
1 |
| 9 (RLIN) |
4645 |